01323cam a2200289Ii 45000010008000000030006000080050017000140080041000310200021000720400020000930500021001130820019001341000030001532450030001832500039002132600052002523000020003045000045003245000187003695000033005565050251005896500035008406500037008756500015009127400086009277400020010136283888OCoLC20190117184801.0800505r19791872miua 001 0 eng d a0801096162 (set) aCBCcCBCdOCLCQ 4aBX8217b.W5 1979 aREF 208bW513W1 aWesley, John,d1703-1791.14aThe works of John Wesley. a3d ed. :bcomplete and unabridged. aGrand Rapids, Mich. :bBaker Book House,c1979. a14 v. ;c21 cm. aWith the last corrections of the author. aReprinted from the 1872 edition issued by Wesleyan Methodist Book Room, London, under the title: The works of the Rev. John Wesley, A.M. : sometime Fellow of Lincoln College, Oxford. aSpine title: Wesley's works.0 av. 1-4. Journals.--v. 5-7. Sermons.--v. 8. Addresses, essays, letters.--v. 9. Letters, essays.--v. 10. Letters, essays, dialogs, addresses.--v. 11. Thoughts, addresses, prayers, letters.--v. 12-13. Letters.--v. 14. Grammars, music letters, index. 0aTheologyvEarly works to 1800. 0aTheologyxHistoryy18th century. 0aMethodism.01aWorks of the Rev. John Wesley, A.M. : sometime Fellow of Lincoln College, Oxford.01aWesley's works.